00808 a2200217 4500010001400000020002400014035001300038037001800051082001000069090001500079100001600094245007200110260004900182270008500231300002800316500004900344700002500393942002500418999001500443952013200458 aENG-85887 a8131300889c1295.00 aEN-69420 bD.B.Act / Pub14a333.7 c3619d361914aQazi, S. A.1 aNatural resource conservationcby S. A. Qazi and Navaid Shabir Qazi aNew DelhibAPH Publishing Corporatioonc2007 a5, Ansari Road, Darya GanjbNew Delhie110 002k011- 23274050maphbooks@vsnl.net ax, 452 p.b22 cm ( Hb.) aincludes bibliographical refrences and index1 aQazi, Navaqid Shabir adplcENk333.7 / QAZ c3548d3548 00102ddc40718NFICaDBADbDBADeDBAD/PUBg1295.00l0o333.7pEN-69420r2008-09-15 00:00:00t1u3779v1295.00w2008-09-15yEN